• 首页
  • 本馆介绍
  • 公告通知
  • 最新文献
  • 馆藏检索
  • 电子资源
  • 读者导购
  • 参考咨询
  • 我的图书馆
  • 登录
  • 详细信息显示
  • 放入我的书架
  • 预约/预借图书
  • 作者相关作品
  • 分类相关作品
  • 丛书相关作品
  • 出版社相关作品

书目信息

  • 表格格式
  • 工作单格式
  • 卡片格式
题名:
图书馆助理员手册
    
 
作者: 彻格温 , 奥德菲尔德 著 ;图书馆助理员手册翻译组 译
分册:  
出版信息: 北京   书目文献出版社  [1982]
页数: 299页
开本: 19cm
丛书名:
单 册:
中图分类: G251.6 , H319.5
科图分类:
主题词: 图书馆员--手册--英、中
电子资源:
ISBN:
000 00870nam0 2200277 45
001 0182003248
005 20040513150805.5
010    @dCNY1.00
091    @a7201.31
100    @a19950624d1982 em y0chiy0121 ea
101 1  @achi@ceng
102    @aCN@b110000
105    @ay z 000yy
106    @ar
200 10 @a图书馆助理员手册@Atu shu guan zhu li yuan shou ce@e英汉对照@f(英)彻格温,(英)奥德菲尔德著@g图书馆助理员手册翻译组译
210    @a北京@c书目文献出版社@d[1982]
215    @a299页@d19cm
606    @a图书馆员@x手册@x英、中
690    @aG251.6@v3
690    @aH319.5
701  1 @a彻格温@Ache ge wen@f英@4著
701  1 @a奥德菲尔德@Aao de fei er de@f英@4著
712 02 @a图书馆助理员手册翻译组@Atu shu guan zhu li yuan shou ce fan yi zu@4译
801  0 @aCN@b上海图书馆@c20040513
801  2 @aCN@bNLC@c20040513
905    @f4@b144916-919@dH319.5@e54
    
    图书馆助理员手册:英汉对照/(英)彻格温,(英)奥德菲尔德著/图书馆助理员手册翻译组译.-北京:书目文献出版社,[1982]
    299页;19cm
    
    
    ISBN :CNY1.00
    
●
相关链接 在E读中查询图书 在五车中查询图书 在当当中查询图书 在豆瓣中查询图书


正题名:图书馆助理员手册     索取号:H319.5/54         预约/预借

序号 登录号 条形码 馆藏地/架位号 状态 备注
1 0144916   001066875   密集书库/ [索取号:H319.5/54] 在馆    
2 0144917   001066866   密集书库/ [索取号:H319.5/54] 在馆    
3 0144918   001066839   密集书库/ [索取号:H319.5/54] 在馆    
4 0144919   001066848   密集书库/ [索取号:H319.5/54] 在馆    
5 0144920   001066884   密集书库/ [索取号:H319.5/54] 在馆    
唐山师范学院图书馆 欢迎您!
大连网信软件有限公司© 版权所有